Statistics for Sovereign States Before the Common Era

Click here to take the quiz!

General Stats

  • This quiz has been taken 10 times
  • The average score is 20 of 212

Answer Stats

HintAnswer% Correct
16th Century | 17th Century | 18th Century | +3 othersEgypt
89%
16th CenturyAthens
67%
16th Century | 17th Century | 18th Century | +3 othersAssyria
44%
16th Century | 17th Century | 18th Century | +3 othersIndus
44%
16th Century | 17th Century | 18th Century | 19th CenturyBabylonia
33%
16th Century | 17th Century | 18th Century | +3 othersEbla
22%
17th Century | 18th Century | 19th CenturyHitti
22%
16th CenturyShang
22%
17th Century | 18th Century | 19th Century | +2 othersXia
22%
20th Century | 21th CenturyAkkadian Empire
11%
16th Century | 17th Century | 18th Century | +3 othersElam
11%
19th Century | 20th Century | 21th CenturyHatti
11%
16th CenturyHittite Empire
11%
16th Century | 17th Century | 18th Century | +3 othersMinoa
11%
16th CenturyMycenaea
11%
16th Century | 17th Century | 18th Century | +3 othersPunt
11%
16th Century | 17th Century | 18th CenturyQi
11%
16th Century | 17th Century | 18th Century | +2 othersSea Peoples
11%
16th Century | 17th Century | 18th Century | +3 othersSumeria
11%
20th CenturyAmarea
0%
16th Century | 17th Century | 18th Century | +2 othersAmorite
0%
16th Century | 17th Century | 18th Century | +2 othersAramea
0%
16th Century | 17th Century | 18th Century | +3 othersArzawa
0%
20th CenturyBabylona
0%
16th Century | 17th Century | 18th CenturyByblos
0%
17th CenturyChorerra
0%
16th Century | 18th CenturyChorrera
0%
16th CenturyDardania
0%
16th Century | 17th Century | 18th Century | +3 othersDilmun
0%
16th CenturyEgyptian Empire
0%
16th Century | 17th Century | 18th Century | +2 othersEshnuna
0%
16th Century | 17th Century | 18th Century | +3 othersGojoseon
0%
20th Century | 21th CenturyGutium
0%
16th Century | 17th Century | 18th CenturyHyksos
0%
16th Century | 17th Century | 18th Century | +3 othersIllyria
0%
16th CenturyKassite Empire
0%
16th CenturyKizzuwatna
0%
16th Century | 17th Century | 18th Century | 19th CenturyKussara
0%
16th CenturyLibu
0%
17th CenturyLuka
0%
16th Century | 18th Century | 19th Century | 20th CenturyLukka
0%
20th Century | 21th CenturyLullabi
0%
16th Century | 17th Century | 18th Century | 19th CenturyLullubi
0%
16th Century | 17th Century | 18th Century | +3 othersLuvia
0%
16th Century | 17th Century | 18th Century | +3 othersMagan
0%
16th Century | 17th Century | 18th Century | +3 othersMari
0%
16th CenturyMittani
0%
16th CenturyMygdonia
0%
17th Century | 18th Century | 19th Century | +2 othersNamar
0%
16th CenturyNAmar
0%
16th Century | 17th Century | 18th Century | +3 othersPelasgia
0%
16th Century | 17th Century | 18th Century | +3 othersPurushanda
0%
16th Century | 17th Century | 18th Century | +2 othersQiang
0%
16th CenturySumpa
0%
16th Century | 17th Century | 18th Century | +3 othersUgarit
0%
18th Century | 19th CenturyUpper Mesopotamia
0%
16th Century | 17th Century | 18th Century | +3 othersVăn Lang
0%
16th Century | 17th Century | 18th Century | +2 othersXu
0%

Score Distribution

Percentile by Number Answered

Percent of People with Each Score

Your Score History

You have not taken this quiz